[Event "22nd SEA Games Team Rapid"]
[Site "Ho Chi Minh City VIE"]
[Date "2003.12.06"]
[Round "5.2"]
[White "Paragua,M"]
[Black "Goh Koon Jong,J"]
[Result "1/2-1/2"]
[WhiteElo "2500"]
[BlackElo "2314"]

1.e4 d5 2.exd5 Qxd5 3.Nc3 Qd6 4.d4 Nf6 5.Nf3 a6 6.g3 Bg4 7.Bg2 Nc6 8.Bf4 Qb4
9.O-O O-O-O 10.a3 Qc4 11.Qe2 Qxe2 12.Nxe2 Bxf3 13.Bxf3 Nxd4 14.Nxd4 Rxd4
15.Be5 Rd7 16.Rad1 c6 17.Bxf6 gxf6 18.Bh5 e6 19.Rxd7 Kxd7 20.Bxf7 Bc5 21.Re1 e5
22.Bh5 Ke7 23.Bg4 Rd8 24.Rd1 Rxd1+ 25.Bxd1 f5 26.Kf1 a5 27.a4 e4 28.c3 Kf6
29.Ke2 Ke5 30.Bb3 Ba7 31.Bc4 f4 32.gxf4+ Kxf4 33.Be6 Bb8 34.h3 Be5 35.Bc8  1/2-1/2

[Event "22nd SEA Games Team Standard"]
[Site "Ho Chi Minh City VIE"]
[Date "2003.12.07"]
[Round "1"]
[White "Myo Naing"]
[Black "Goh Koon Jong,J"]
[Result "0-1"]
[WhiteElo "2394"]
[BlackElo "2314"]

1.e4 d5 2.exd5 Qxd5 3.Nc3 Qd6 4.d4 Nf6 5.Nf3 a6 6.Be3 Nc6 7.Qd2 Bf5 8.a3 e6
9.h3 Be7 10.Be2 O-O 11.O-O Rfd8 12.Rfd1 Rac8 13.Rac1 Nd5 14.Na4 Nxe3 15.Qxe3 Qd5
16.Nc3 Qd6 17.Ne4 Bxe4 18.Qxe4 Bf6 19.c3 g6 20.h4 h5 21.Bd3 Kg7 22.Bc2 Ne7
23.Qe2 c5 24.dxc5 Qxc5 25.Be4 b5 26.g3 a5 27.Kg2 Nd5 28.Rc2 Nb6 29.Rcd2 Na4
30.Rxd8 Rxd8 31.Rxd8 Bxd8 32.Bd3 b4 33.Qc2  0-1

[Event "87th Marshall CCC"]
[Site "New York USA"]
[Date "2003.12.07"]
[Round "1"]
[White "Sena,J"]
[Black "Becerra Rivero,J"]
[Result "0-1"]
[WhiteElo "2163"]
[BlackElo "2558"]

1.e4 d5 2.exd5 Qxd5 3.Nc3 Qd8 4.d4 c6 5.Bc4 Bf5 6.Be3 Nf6 7.Qe2 e6 8.a3 Nbd7
9.Nf3 Bd6 10.Bg5 Qc7 11.Bh4 O-O 12.Bg3 Rad8 13.Bxd6 Qxd6 14.Rd1 Nd5 15.Ne4 Qf4
16.Nfd2 Bg4 17.f3 Bf5 18.g3 Qh6 19.f4 N7f6 20.c3 Ng4 21.Nf1 e5 22.dxe5 Bxe4
23.Qxe4 Nxc3 24.Bxf7+ Kxf7 25.e6+ Kf6 26.bxc3 Rxd1+ 27.Ke2 Qh5 28.e7 Re8
29.Qf3  0-1

[Event "22nd SEA Games Team Standard"]
[Site "Ho Chi Minh City VIE"]
[Date "2003.12.08"]
[Round "4"]
[White "Paragua,M"]
[Black "Yeo Min Yang,E"]
[Result "1-0"]
[WhiteElo "2500"]
[BlackElo "2202"]

1.e4 d5 2.exd5 Qxd5 3.Nc3 Qd6 4.d4 Nf6 5.Nf3 a6 6.Be3 Nc6 7.Qd2 Bf5 8.Bc4 e6
9.O-O-O O-O-O 10.Qe2 Nd5 11.Nxd5 exd5 12.Bd3 Bxd3 13.Qxd3 f6 14.Rhe1 Qd7
15.Bf4 Bd6 16.Bxd6 Qxd6 17.Re3 Qf4 18.g3 Qg4 19.Rde1 Qg6 20.Qe2 Kd7 21.Nh4 Nxd4
22.Qd1 Qxc2+ 23.Qxc2 Nxc2 24.Re7+ Kc8 25.Kxc2 Rd7 26.Nf5 g6 27.Re8+ Rd8 28.Ne7+ Kd7
29.Rxd8+ Kxd8 30.Nxd5 f5 31.Nf4  1-0

[Event "22nd SEA Games Team Standard"]
[Site "Ho Chi Minh City VIE"]
[Date "2003.12.08"]
[Round "4"]
[White "Antonio,R"]
[Black "Goh Koon Jong,J"]
[Result "1-0"]
[WhiteElo "2521"]
[BlackElo "2314"]

1.e4 d5 2.exd5 Qxd5 3.Nc3 Qd6 4.d4 Nf6 5.Nf3 a6 6.h3 Nc6 7.Bd3 e5 8.dxe5 Nxe5
9.Qe2 Nd7 10.Bf4 f6 11.O-O-O Qc5 12.Nd4 Be7 13.Ne6 Qd6 14.Qh5+ g6 15.Bxg6+ hxg6
16.Qxh8+ Kf7 17.Rxd6 Bxd6 18.Nd8+  1-0

[Event "22nd SEA Games Standard"]
[Site "Ho Chi Minh City VIE"]
[Date "2003.12.09"]
[Round "3"]
[White "Zaw Win Lay"]
[Black "Goh Koon Jong,J"]
[Result "1/2-1/2"]
[WhiteElo "2497"]
[BlackElo "2314"]

1.e4 d5 2.exd5 Qxd5 3.Nc3 Qd6 4.d4 Nf6 5.Nf3 a6 6.Be3 Nc6 7.Qd2 Bf5 8.Bd3 Bxd3
9.Qxd3 e6 10.O-O-O Be7 11.Kb1 O-O 12.Ne4 Nxe4 13.Qxe4 Qd5 14.Qxd5 exd5 15.Bf4 Rac8
16.Rhe1 Rfd8 17.c3 Bd6  1/2-1/2

[Event "FSIM December"]
[Site "Budapest HUN"]
[Date "2003.12.10"]
[Round "5"]
[White "Pinkus,L"]
[Black "Brustkern,J"]
[Result "0-1"]
[WhiteElo "2171"]
[BlackElo "2214"]

1.e4 d5 2.exd5 Qxd5 3.Nc3 Qd6 4.d4 Nf6 5.Nge2 Bg4 6.h3 Bh5 7.g4 Bg6 8.Bg2 c6
9.Bf4 Qd8 10.Qd2 e6 11.O-O-O Na6 12.Kb1 Nb4 13.Rc1 Nbd5 14.Bg5 Bb4 15.Bxd5 cxd5
16.Qe3 Rc8 17.Bxf6 gxf6 18.f4 f5 19.Rcg1 Kd7 20.a3 Ba5 21.Rg3 h5 22.gxf5 Bxf5
23.Rg7 Qf6 24.Rhg1 Rh6 25.Qe5 Bc7 26.Qxf6 Rxf6 27.R7g5 Bg6 28.Rf1 h4 29.Rg4 Rh8
30.Ng1 Bf5 31.Rg2 Rhh6 32.Nce2 Rfg6 33.Rff2 Ke7 34.Kc1 Be4 35.Rxg6 Rxg6 36.Nf3 Rg3
37.Ng5 Bxf4+ 38.Rxf4 Rxg5 39.Rxh4 Rg2 40.Nc3 Rxc2+ 41.Kd1 Bf5 42.Rh5 Bg6
43.Re5 Kd7 44.Na4 b6 45.h4 Rh2  0-1

[Event "Lindsborg Open"]
[Site "Kansas USA"]
[Date "2003.12.20"]
[Round "4"]
[White "Nedev,T"]
[Black "Zatonskih,A"]
[Result "1-0"]
[WhiteElo "2480"]
[BlackElo "2417"]

1.e4 d5 2.exd5 Qxd5 3.Nc3 Qd6 4.d4 c6 5.Bc4 Nf6 6.Nge2 Be6 7.Bf4 Qd7 8.Bxe6 Qxe6
9.O-O Qd7 10.Ng3 e6 11.Nce4 Be7 12.Nxf6+ gxf6 13.Qg4 Na6 14.Qg7 Rf8 15.Rad1 O-O-O
16.c4 Nc7 17.Qxh7 Qe8 18.Qc2 Rh8 19.Rfe1 Qg8 20.d5 Bb4 21.Re4 Qh7 22.dxc6 Qxh2+
23.Kf1 e5 24.cxb7+ Kb8 25.Be3 Ne6 26.c5 Rxd1+ 27.Qxd1 Rd8 28.Qc2 Qh7 29.c6 Ba5
30.Qa4 Bb6 31.Bxb6 axb6 32.Qa8+ Kc7 33.b8=Q+  1-0

[Event "Salona GM"]
[Site "Solin-Split CRO"]
[Date "2003.12.20"]
[Round "8"]
[White "Brkic,A"]
[Black "Kurajica,B"]
[Result "1/2-1/2"]
[WhiteElo "2428"]
[BlackElo "2557"]

1.e4 d5 2.exd5 Qxd5 3.Nc3 Qd6 4.d4 g6 5.Nf3 Bg7 6.g3 Nf6 7.Bf4 Qb6 8.Qd2 O-O
9.O-O-O c5 10.dxc5 Qxc5 11.Bg2 Nc6 12.Rhe1 Bf5 13.h3 Nb4 14.Nd4 Rad8 15.Qe3 Rxd4
16.Qxd4 Qxd4 17.Rxd4 Nxc2 18.Rdd1 Nxe1 19.Rxe1 Re8 20.g4  1/2-1/2

[Event "7th White Tower Open"]
[Site "Thessaloniki GRE"]
[Date "2003.12.22"]
[Round "4"]
[White "Stavrakakis,V"]
[Black "Simeonidis,I"]
[Result "1/2-1/2"]
[WhiteElo "2218"]
[BlackElo "2340"]

1.e4 d5 2.exd5 Qxd5 3.Nc3 Qd6 4.d4 Nf6 5.Nf3 c6 6.Ne5 Nbd7 7.Bf4 Nxe5 8.dxe5 Qb4
9.Qd2 Nd5 10.Nxd5 Qxd2+ 11.Bxd2 cxd5 12.O-O-O Bd7 13.Be3 e6 14.g3 b5 15.f4 a5
16.f5 Rc8 17.fxe6 fxe6 18.Bd3 Bc5 19.Bxc5 Rxc5 20.Rhf1 Ke7 21.Rf4 Be8 22.Rdf1 h6
23.Kd2 g5 24.Rd4 Rf8 25.Rxf8 Kxf8 26.h4 Kg7 27.hxg5 hxg5 28.c3 Bg6 29.b4 axb4
30.Rxb4 Be8 31.Be2 Rc7 32.Bxb5 Bxb5 33.Rxb5 Ra7 34.c4 dxc4 35.Kc3 Rxa2 36.Kxc4 Kg6
37.Kd4 Kf5 38.Rb4 Ra3 39.Rb8 Ra4+ 40.Ke3 Re4+ 41.Kf3 g4+ 42.Kf2 Kxe5 43.Rb5+ Kf6
44.Rb8 Ra4 45.Rg8 e5 46.Rf8+ Ke6 47.Ke3 Ra3+ 48.Ke4 Rxg3 49.Re8+ Kf6 50.Rxe5 Ra3
51.Rb5 Rf3 52.Ra5 Kg6 53.Rb5 Rf7 54.Ra5 Kh6 55.Rb5 g3 56.Rb3 Rg7 57.Rb1 Kh5
58.Kf3 g2 59.Rg1 Kh4 60.Rxg2 Rxg2 61.Kxg2  1/2-1/2

[Event "North American Open"]
[Site "Las Vegas USA"]
[Date "2003.12.26"]
[Round "1"]
[White "Ibragimov,I"]
[Black "Fierro Baquero,M"]
[Result "0-1"]
[WhiteElo "2567"]
[BlackElo "2312"]

1.e4 d5 2.exd5 Qxd5 3.Nc3 Qd8 4.d4 c6 5.Bg5 Nf6 6.Bc4 Bf5 7.Nf3 e6 8.Qe2 Bb4
9.O-O O-O 10.Rad1 Nbd7 11.Ne5 Bxc3 12.bxc3 Qa5 13.Bb3 Nxe5 14.Qxe5 Qxe5 15.dxe5 Ne4
16.Be7 Rfe8 17.Rd7 a5 18.g4 Bg6 19.f4 a4 20.Bc4 b5 21.Bd3 Nxc3 22.f5 exf5
23.gxf5 Bh5 24.Re1 Nd5 25.Bc5 Nf4 26.Bf1 Rad8 27.Rxd8 Rxd8 28.Bd6 f6 29.c4 fxe5
30.c5 Re8 31.Bxe5 Bf7 32.a3 Bc4 33.Kf2 Bxf1 34.Bxf4 Rxe1 35.Kxe1 Bd3 36.Bd2 Kf7
37.Kf2 Bxf5 38.Ke3 g5 39.Kd4 Kg6  0-1

[Event "10th Open"]
[Site "Bosnjaci CRO"]
[Date "2004.01.04"]
[Round "3"]
[White "Fercec,N"]
[Black "Goric,E"]
[Result "1-0"]
[WhiteElo "2467"]
[BlackElo "2385"]

1.e4 d5 2.exd5 Qxd5 3.Nc3 Qd6 4.d4 a6 5.Bc4 Nf6 6.Nf3 Nc6 7.d5 b5 8.Be2 Nb4
9.a4 Nfxd5 10.Nxd5 Qxd5 11.Bd2 e6 12.O-O Rb8 13.axb5 axb5 14.c3 Nc6 15.Qc2 Bd6
16.Rfd1 Qf5 17.Bd3 Qh5 18.Be4 Bd7 19.Ra6 Ne7 20.Bg5 f5 21.Bxe7 Kxe7 22.Bc6 Bc8
23.Rxd6 cxd6 24.Ra7+ Kf6 25.Qd2 Qh6  1-0

[Event "XXIX Open"]
[Site "Seville ESP"]
[Date "2004.01.10"]
[Round "2"]
[White "Yanez Acin,G"]
[Black "Perez,Rod"]
[Result "0-1"]
[WhiteElo "1999"]
[BlackElo "2458"]

1.e4 d5 2.exd5 Qxd5 3.Nc3 Qd6 4.Nf3 Nf6 5.Be2 Nc6 6.d4 a6 7.Bg5 Bf5 8.O-O O-O-O
9.Be3 h6 10.a3 Bg4 11.d5 Nxd5 12.Nxd5 Qxd5 13.Nd2 Bxe2 14.Qxe2 e6 15.Rfd1 Be7
16.b4 Qf5 17.Nb3 Rxd1+ 18.Rxd1 Rd8 19.Rxd8+ Bxd8 20.g4 Qe5 21.Nc5 Qa1+ 22.Kg2 Qxa3
23.b5 axb5 24.Qxb5 Qb4 25.Qd3 Qxg4+ 26.Kf1 Ne5 27.Qa3 Qd1+ 28.Kg2 Qd5+ 29.Kf1 b6
30.Qa6+ Kb8 31.Nd3 Nxd3 32.cxd3 Qh1+ 33.Ke2 Qxh2  0-1

[Event "Open"]
[Site "Praha CZE"]
[Date "2004.01.16"]
[Round "1"]
[White "Pesola,J"]
[Black "Hasangatin,R"]
[Result "0-1"]
[WhiteElo "2040"]
[BlackElo "2515"]

1.e4 d5 2.exd5 Qxd5 3.Nc3 Qd6 4.d4 Nf6 5.Nf3 a6 6.Be2 Nbd7 7.O-O b5 8.Ng5 Bb7
9.Bf3 Bxf3 10.Qxf3 Rc8 11.Nce4 Qd5 12.Nxf6+ Nxf6 13.Qxd5 Nxd5 14.Bd2 e6 15.c3 Nb6
16.b3 c5 17.Be3 Be7 18.Rac1 Bxg5 19.Bxg5 c4 20.Rc2 Kd7 21.Rfc1 Rc6 22.Kf1 Rhc8
23.Ke2 Nd5 24.b4 a5 25.a3 Ra6 26.g3 axb4 27.axb4 Re8 28.Kd1 h5 29.h4 Ra3
30.Be3 Kc6 31.Kd2 Rd8 32.Ke2 Rda8 33.Kd1 Ra2 34.Rxa2 Nxe3+ 35.Ke2 Rxa2+ 36.Kxe3 Kd5
37.f4 Kd6 38.Ke4 Ke7 39.Re1 Rf2 40.Re3 Kd6 41.Re1 f5+ 42.Ke3 Rc2 43.Ra1 Rxc3+
44.Ke2 Rb3  0-1

[Event "Open"]
[Site "Auckland NZL"]
[Date "2004.01.20"]
[Round "4"]
[White "Compton,A"]
[Black "Goodhue,N"]
[Result "1/2-1/2"]
[WhiteElo "2052"]
[BlackElo "2127"]

1.e4 d5 2.exd5 Qxd5 3.Nc3 Qd6 4.d4 Nf6 5.Nf3 a6 6.Ne5 Nc6 7.Nxc6 Qxc6 8.d5 Qd7
9.Bf4 c6 10.dxc6 Qxc6 11.Be2 Bf5 12.O-O Rd8 13.Qc1 Bg4 14.Bxg4 Nxg4 15.Re1 e6
16.Ne4 Be7 17.c3 O-O 18.Qc2 Rd5 19.h3 e5 20.Ng5 Bxg5 21.Bxg5 Nf6 22.Qe2 b5
23.Rac1 Rc8 24.c4 bxc4 25.Bxf6 gxf6 26.Rc3 f5 27.Rec1 Qd6 28.Rxc4 Rxc4 29.Qxc4 Rd1+
30.Rxd1 Qxd1+ 31.Kh2 Qd2 32.Qc8+ Kg7 33.Qxf5 Qxb2 34.Qg5+  1/2-1/2

[Event "Open"]
[Site "Auckland NZL"]
[Date "2004.01.22"]
[Round "8"]
[White "Bennett,H"]
[Black "Goodhue,N"]
[Result "1-0"]
[WhiteElo "2064"]
[BlackElo "2127"]

1.e4 d5 2.exd5 Qxd5 3.Nc3 Qd6 4.d4 Nf6 5.g3 Bf5 6.Bf4 Qd7 7.Bg2 c6 8.Nf3 e6
9.Ne5 Qd8 10.O-O Be7 11.Qe2 Qxd4 12.Rfd1 Qb4 13.Nc4 Nd5 14.Bxd5 cxd5 15.Nxd5 exd5
16.Bd6 Be6 17.Bxb4 Bxb4 18.Ne3 O-O 19.Nxd5 Bxd5 20.Rxd5 Na6 21.c3 Bc5 22.Re1 Bb6
23.Re5 Nc7 24.a4 Ne6 25.Qb5 Rab8 26.c4 Rfd8 27.c5 Bc7 28.R5e3 Rf8 29.b4 Bd8
30.Qc4 Bf6 31.Kg2 Nd4 32.Re4 Ne6 33.c6 bxc6 34.Qxc6 Rbc8 35.Qa6 Ra8 36.Rc4 Rfb8
37.Rec1 Rf8 38.Rc8 Raxc8 39.Rxc8 Bd4 40.Rc6 Re8 41.Qc4 Bf6 42.b5 Bd8 43.Rc8 Kf8
44.Qc6 Re7 45.a5 f6 46.b6 axb6 47.axb6 Kf7 48.b7 Bc7 49.Rxc7 Rxc7 50.Qxc7+  1-0

[Event "TCh-AUT 2003-4"]
[Site "Velden AUT"]
[Date "2004.01.22"]
[Round "4"]
[White "Freitag,M"]
[Black "Grosar,A"]
[Result "1/2-1/2"]
[WhiteElo "2383"]
[BlackElo "2444"]

1.e4 d5 2.exd5 Qxd5 3.Nc3 Qd6 4.d4 Nf6 5.Nf3 a6 6.Be2 e6 7.O-O Nc6 8.Bg5 Be7
9.Qd2 O-O 10.Rad1 b5 11.Bf4 Qd8 12.Ne5  1/2-1/2

[Event "Gibraltar Masters"]
[Site "Catalan Bay ENG"]
[Date "2004.01.28"]
[Round "2"]
[White "Houska,Jo"]
[Black "Young,M"]
[Result "1-0"]
[WhiteElo "2370"]
[BlackElo "1993"]

1.e4 d5 2.exd5 Qxd5 3.Nc3 Qd6 4.d4 Nf6 5.Nf3 a6 6.Bc4 Bg4 7.h3 Bh5 8.Be3 Nc6
9.Qe2 e6 10.O-O-O b5 11.Bb3 Na5 12.d5 Nxb3+ 13.axb3 e5 14.g4 Bg6 15.Nxe5 Qxe5
16.f4 Qe7 17.f5 b4 18.Na4 h5 19.fxg6 hxg4 20.Rhe1 fxg6 21.Qc4 Kd8 22.d6  1-0

[Event "ch-Kiev"]
[Site "Kiev UKR"]
[Date "2004.01.28"]
[Round "10"]
[White "Pavlov,S2"]
[Black "Kernazhitsky,L"]
[Result "1-0"]
[WhiteElo "2306"]
[BlackElo "2371"]

1.e4 d5 2.exd5 Qxd5 3.Nc3 Qd6 4.d4 Nf6 5.Bd3 Bg4 6.f3 Bh5 7.Nge2 Nc6 8.Bf4 Qd7
9.Qd2 e6 10.O-O-O O-O-O 11.Bb5 a6 12.Ba4 Bb4 13.a3 Ba5 14.Bg5 Bg6 15.h4 h6
16.Bxf6 gxf6 17.Qf4 b5 18.Bb3 Qd6 19.Qxd6 Rxd6 20.d5 exd5 21.Nxd5 Kb7 22.Nef4 Ne5
23.c3 c6 24.Ne7 Rxd1+ 25.Rxd1 Bd8 26.Nexg6 fxg6 27.Ne6 Bb6 28.f4 Ng4 29.Rd7+ Kb8
30.Bd1 h5 31.Bf3 Rc8 32.Rf7 f5 33.Rg7 Nh2 34.Be2 Bf2 35.Rxg6 Bxh4 36.Nd4 Bf2
37.Nxc6+ Kc7 38.Nb4 Rd8 39.Nxa6+ Kb7 40.Bxb5 Be3+ 41.Kb1 Ng4 42.Nb4 Bxf4
43.Bc6+ Kc8 44.Rg7 Rd1+ 45.Ka2 Ne5 46.Bb7+ Kd8 47.Nc6+ Nxc6 48.Bxc6 Rd2 49.Rf7 Be5
50.Kb3 Rf2 51.Bf3 Bf4 52.Rb7 h4 53.Bc6 Bc1 54.Ka2 Bd2 55.Kb1 Bf4 56.a4 Bc7
57.Ra7 f4 58.Ra8+ Ke7 59.Rh8 Be5 60.Rxh4 Kd6 61.Bf3 Kc5 62.Rh5 Kd6 63.Rh6+ Kc7
64.a5  1-0

[Event "Gibraltar Masters"]
[Site "Catalan Bay ENG"]
[Date "2004.01.29"]
[Round "3"]
[White "Williams,P"]
[Black "Guerrero Fuentes,C"]
[Result "0-1"]
[WhiteElo "2279"]
[BlackElo "2139"]

1.e4 d5 2.exd5 Qxd5 3.Nc3 Qd6 4.Nf3 Nf6 5.d4 a6 6.Be2 Bf5 7.O-O Nc6 8.Bg5 O-O-O
9.Be3 h6 10.h3 g5 11.Bxg5 hxg5 12.Nxg5 Bg6 13.Bc4 e6 14.Bd3 Bh5 15.Be2 Qf4
16.Bxh5 Nxh5 17.Qc1 Qxc1 18.Raxc1 Rd7 19.Rcd1 Rg8 20.h4 Nxd4 21.Nxf7 Nf3+
22.Kh1 Rxf7 23.gxf3 Rf4 24.Rd4 Rxd4 25.Ne4  0-1

[Event "9th HIT Open"]
[Site "Nova Gorica SLO"]
[Date "2004.02.03"]
[Round "7"]
[White "Zorko,Ju"]
[Black "Nikolov,Sas"]
[Result "1-0"]
[WhiteElo "2310"]
[BlackElo "2407"]

1.e4 d5 2.exd5 Qxd5 3.Nc3 Qd6 4.d4 Nf6 5.Nf3 a6 6.g3 Bg4 7.Bg2 Nc6 8.h3 Bh5
9.O-O O-O-O 10.Bf4 Qb4 11.a3 Qxb2 12.Qe1 Bxf3 13.Rb1 Qxb1 14.Qxb1 Bxg2 15.Kxg2 Rxd4
16.Qb2 e6 17.Rb1 b5 18.a4 b4 19.Ne2 Rc4 20.c3 Nd5 21.cxb4 Ncxb4 22.Qb3 Rc2
23.Qf3 Bc5 24.Rc1 Rxc1 25.Bxc1 Kb8 26.Bb2 Rg8 27.Bd4 Bxd4 28.Nxd4 c5 29.Qxf7 Rc8
30.Ne2 c4 31.Qxe6 c3 32.Qe5+ Rc7 33.f4 c2 34.Nc1 Kb7 35.Kf3 Kb6 36.f5 Ka5
37.g4 Kxa4 38.g5 Re7 39.Qd4 Rf7 40.Qe4 Ne7 41.f6 Nc6 42.Qe8  1-0

[Event "FSIM February"]
[Site "Budapest HUN"]
[Date "2004.02.07"]
[Round "1"]
[White "Szabo,K"]
[Black "Werner,Di"]
[Result "1/2-1/2"]
[WhiteElo "2348"]
[BlackElo "2349"]

1.e4 d5 2.exd5 Qxd5 3.Nc3 Qd6 4.d4 Nf6 5.Nf3 a6 6.g3 b5 7.Bg2 Bb7 8.O-O e6
9.Re1 Be7 10.Ne5 Bxg2 11.Kxg2 O-O 12.Qf3 c6 13.Be3 Nd5 14.Ne4 Qc7 15.Rad1 Nd7
16.Nxd7 Qxd7 17.Bc1 a5 18.c3 a4 19.h4 h6 20.Kg1 Nb6 21.Nc5 Bxc5 22.dxc5 Nd5
23.Qg4 Qe7 24.Bxh6 f5 25.Qh5 a3 26.Bg5 Qf7 27.Qxf7+ Kxf7 28.b3 Ra7 29.Rd3 b4
30.cxb4 Nxb4 31.Rd2 Nd5 32.Rde2 Re8 33.Bd2 Rb7 34.Bc1 Ra7 35.Bd2 Rb7 36.Bc1 Ra7
37.Bd2  1/2-1/2

[Event "TCh-CZE Extraliga 2003-4"]
[Site "Czech Rep CZE"]
[Date "2004.02.07"]
[Round "6"]
[White "Laznicka,V"]
[Black "Jirovsky,Pa"]
[Result "1-0"]
[WhiteElo "2429"]
[BlackElo "2400"]

1.e4 d5 2.exd5 Qxd5 3.Nc3 Qd6 4.d4 Nf6 5.Nf3 a6 6.g3 Bf5 7.Bg2 c6 8.O-O e6
9.Bf4 Qd8 10.Qe2 Be7 11.Rad1 O-O 12.Ne5 h6 13.g4 Bh7 14.Bg3 Nbd7 15.f4 Nd5
16.Nxd5 exd5 17.f5 Re8 18.Qf2 Bf6 19.Rfe1 Re7 20.Re2 Qa5 21.Rde1 Bxe5 22.dxe5 Qb6
23.Re3 Rae8 24.c3 d4 25.cxd4 Qxd4 26.h3 Nb6 27.Bh4 Rc7 28.e6 fxe6 29.Rxe6 Qxf2+
30.Bxf2 Rxe6 31.fxe6 Nc8 32.Rd1 Kf8 33.Rd7  1-0

[Event "AS04 Centenary"]
[Site "Copenhagen DEN"]
[Date "2004.02.10"]
[Round "4"]
[White "Danielsen,Hei"]
[Black "Mortensen,H"]
[Result "1/2-1/2"]
[WhiteElo "2165"]
[BlackElo "2040"]

1.e4 d5 2.exd5 Qxd5 3.Nc3 Qd6 4.Bc4 Nf6 5.d4 a6 6.Bb3 Nc6 7.Nge2 e6 8.a3 b5
9.Bf4 Qd7 10.d5 exd5 11.Nxd5 Bd6 12.Nxc7+ Bxc7 13.Qxd7+ Bxd7 14.Bxc7 O-O
15.O-O Rac8 16.Bb6 Ne5 17.Bd4 Nc4 18.Bxc4 Rxc4 19.Bxf6 gxf6 20.c3 a5 21.Rfd1 Be6
22.Rd6 b4 23.axb4 axb4 24.b3 Re4 25.Ng3 Re5 26.c4 Re8 27.Rb6 Bf5 28.f4 Rc5
29.Nxf5 Rxf5 30.g3 Re2 31.Rxb4 Rh5 32.h4 Rc5 33.Rf1 Ra5 34.Rf2 Ra1+ 35.Kg2 Re3
36.g4 Rc1 37.Rf3 Re2+ 38.Rf2 Re3 39.h5 Kg7 40.g5 Rcc3 41.gxf6+ Kxf6 42.Rb6+ Kf5
43.Rb5+ Kf6 44.Rg5 h6 45.Rd5 Rxb3 46.c5 Rbc3 47.Rd6+  1/2-1/2

[Event "12th Aosta Open"]
[Site "St Vincent ITA"]
[Date "2004.02.13"]
[Round "7"]
[White "Zelcic,R"]
[Black "Welling,G"]
[Result "1-0"]
[WhiteElo "2524"]
[BlackElo "2373"]

1.e4 d5 2.exd5 Qxd5 3.Nc3 Qd8 4.d4 Nf6 5.Nf3 c6 6.Bg5 Bf5 7.h3 e6 8.Bd3 Bxd3
9.Qxd3 Nbd7 10.O-O-O Be7 11.Kb1 Qa5 12.Qe2 O-O 13.Ne5 Rfe8 14.f4 Bb4 15.Rd3 Nxe5
16.fxe5 Nd7 17.Rf1 Qc7 18.Qf2 Nb6 19.Rg3  1-0

[Event "Bundesliga 2003-4"]
[Site "St Ingbert GER"]
[Date "2004.02.15"]
[Round "9"]
[White "L'Ami,E"]
[Black "Gross,G"]
[Result "1-0"]
[WhiteElo "2476"]
[BlackElo "2316"]

1.e4 d5 2.exd5 Qxd5 3.Nc3 Qd6 4.g3 Nf6 5.Bg2 Nc6 6.Nge2 e5 7.O-O Bg4 8.h3 Bh5
9.g4 Bg6 10.Ng3 O-O-O 11.d3 h5 12.g5 h4 13.gxf6 hxg3 14.fxg3 gxf6 15.Be3 f5
16.Qf3 a6 17.Qd5 Qb4 18.Qb3 Bc5 19.Bf2 Nd4 20.Qxb4 Bxb4 21.Nd5 Bc5 22.Rae1 Bd6
23.Bxd4 exd4 24.Kf2 Rde8 25.Rxe8+ Rxe8 26.Bf3 c6 27.Nf4 Re5 28.Re1 Ra5 29.a3 Kd7
30.h4 Rb5 31.b4 a5 32.bxa5 Rxa5 33.h5 Bh7 34.h6 Rxa3 35.Bh5 Rc3 36.Re2 Bf8
37.Bxf7 Bxh6 38.Kf3 b5 39.Rh2 Bxf4 40.Kxf4 Kd6 41.Bb3 Rxb3 42.cxb3 Bg8 43.b4 c5
44.bxc5+ Kxc5 45.Ke5 Kb4 46.Kxd4 Ka3 47.Rh8 Be6 48.Ke5 b4 49.Ra8+ Kb3 50.Rb8 Kc3
51.Rxb4 Kxd3 52.Rf4  1-0

[Event "2nd Breizh Masters B"]
[Site "Guingamp FRA"]
[Date "2004.02.18"]
[Round "6"]
[White "Inkiov,V"]
[Black "Berthelot,Y"]
[Result "1-0"]
[WhiteElo "2461"]
[BlackElo "2327"]

1.e4 d5 2.exd5 Qxd5 3.Nc3 Qd6 4.d4 Nf6 5.Bc4 a6 6.Nf3 b5 7.Bb3 c5 8.dxc5 Qxd1+
9.Kxd1 e6 10.Be3 Bb7 11.a4 b4 12.Na2 a5 13.c3 bxc3 14.Nxc3 Na6 15.Nb5 Ne4
16.Rc1 Rd8+ 17.Ke2 Bxc5 18.Nfd4 e5 19.Nf5 Bxe3 20.Kxe3 O-O 21.f3 Nec5 22.Bc4 g6
23.Nfd6 Ba8 24.Rhd1 Kg7 25.Rd2 f5 26.Rcd1 Rb8 27.b3 Kf6 28.h4 h6 29.g3 Ne6
30.Bxe6 Kxe6 31.Nc4 Nc5 32.Rd6+ Ke7 33.Nxe5 Rf6 34.Nxg6+ Kf7 35.Ne5+ Kg7
36.Rxf6 Kxf6 37.Nd7+ Nxd7 38.Rxd7  1-0

[Event "Tringov mem Open"]
[Site "Plovdiv BUL"]
[Date "2004.02.19"]
[Round "5"]
[White "Petrov,Marij"]
[Black "Bratanov,Z"]
[Result "0-1"]
[WhiteElo "2441"]
[BlackElo "2398"]

1.e4 d5 2.exd5 Qxd5 3.Nc3 Qd6 4.d4 Nf6 5.Bc4 a6 6.Nge2 b5 7.Bb3 e6 8.Bf4 Qd7
9.d5 c5 10.dxc6 Nxc6 11.O-O Bb7 12.Qxd7+ Nxd7 13.Ne4 e5 14.Be3 Na5 15.N2g3 Rc8
16.f3 g6 17.Bg5 Nxb3 18.axb3 Rc6 19.c3 f5 20.Nf2 f4 21.Ne2 h6 22.Bxf4 exf4
23.Nxf4 Bc5 24.Rad1 Ne5 25.b4 Bxf2+ 26.Rxf2 O-O 27.Nd5 Re6 28.b3 Bxd5 29.Rxd5 Ng4
30.Rf1 Ne3 31.Re1 Nxd5 32.Rxe6 Rf6 33.Re8+ Kf7 34.Rc8 Re6 35.Kf2 Nf4 36.h4 Nd3+
37.Kg3 Nc1 38.Rc7+ Kf6 39.h5 gxh5 40.Kh4 Kg6 41.Rc5 Nd3 42.Rc8 Nf4 43.g3 Ng2+
44.Kh3 Ne3 45.Rc5 Rf6 46.f4 Rd6 47.Re5 Nf5 48.c4 Rd3 49.Re6+ Kg7 50.Rxa6 Rxb3
51.cxb5 Rxg3+ 52.Kh2 Rb3 53.Ra4 Kf6 54.b6 Nd6 55.b7 Nxb7 56.Ra6+ Kf5 57.Rxh6 Kg4
58.Rb6 Nd8 59.b5 Nf7 60.Rf6 Nd8 61.b6 Rb2+ 62.Kg1 Nb7 63.f5 Kg5 64.Rc6 Kxf5
65.Rh6 Kg5 66.Rc6 Kf4 67.Rc4+ Kg5 68.Rc6 Nd8 69.Rc5+ Kg6 70.Rc8 Ne6 71.Rb8 Nc5
72.Rc8 Nd7 73.Rc6+ Kg5  0-1

[Event "5th Montenegro Open"]
[Site "Sozina SCG"]
[Date "2004.02.21"]
[Round "4"]
[White "Sedlak,N"]
[Black "Ardelean,G"]
[Result "0-1"]
[WhiteElo "2539"]
[BlackElo "2447"]

1.e4 d5 2.exd5 Qxd5 3.Nc3 Qd6 4.d4 c6 5.Nf3 Bg4 6.h3 Bxf3 7.Qxf3 Qxd4 8.Bd2 Qd8
9.O-O-O Nd7 10.Bf4 Ngf6 11.Bc4 e6 12.Ne4 Nxe4 13.Qxe4 Bc5 14.g4 Qe7 15.g5 Nb6
16.Be5 Qxg5+ 17.f4 Qg6 18.Qe2 Nxc4 19.Qxc4 Be3+ 20.Kb1 O-O 21.Rd3 Bb6 22.Qb3 f6
23.Bc3 Qf7 24.a4 Rfd8 25.Rg3 Rd5 26.Rh2 Rad8 27.Rhg2 g6 28.Ka2 Rf5 29.Re2 Rxf4
30.a5 Bd4 31.a6 b5 32.Bd2 Rf2 33.Ba5 Rd5 34.Rxf2 Bxf2 35.Rf3 Bd4 36.c3 Be5  0-1

[Event "ch-CZE w"]
[Site "Karlovy Vary CZE"]
[Date "2004.02.23"]
[Round "4"]
[White "Pirklova,H"]
[Black "Gallinis Nemcova,V"]
[Result "1-0"]
[WhiteElo "2165"]
[BlackElo "2056"]

1.e4 d5 2.exd5 Qxd5 3.Nc3 Qd6 4.Nf3 Nf6 5.d4 a6 6.Be2 e6 7.O-O Be7 8.Na4 b5
9.Nc5 Nbd7 10.Nxd7 Nxd7 11.a4 b4 12.a5 Bb7 13.c3 c5 14.Be3 bxc3 15.bxc3 cxd4
16.Nxd4 O-O 17.Nf5 exf5 18.Qxd6 Bxd6 19.Rfd1 Be5 20.Rxd7 Bc6 21.Rdd1 h6 22.Rac1 Rfc8
23.c4 Ba4 24.Rd2 Rab8 25.g3 Bb2 26.Rb1 Bc3 27.Rxb8 Rxb8 28.Rd6 Bc2 29.Rxa6 Rb1+
30.Kg2 Be4+ 31.Bf3 Bd3 32.Ra8+ Kh7 33.Bd5 Ra1 34.a6 g5 35.h3 f4 36.gxf4 gxf4
37.Bxf4 Bd4 38.Be3 Bxe3 39.fxe3 Ra4 40.a7 Rxc4 41.Bxc4 Be4+ 42.Kf2 Bxa8 43.Be2  1-0

[Event "5th Montenegro Open"]
[Site "Sozina SCG"]
[Date "2004.02.23"]
[Round "6"]
[White "Pikula,D"]
[Black "Ardelean,G"]
[Result "1-0"]
[WhiteElo "2532"]
[BlackElo "2447"]

1.e4 d5 2.exd5 Qxd5 3.Nc3 Qd6 4.d4 c6 5.Bg5 Bf5 6.Nf3 e6 7.Bd3 Bxd3 8.Qxd3 Nd7
9.O-O-O Ngf6 10.Qe2 Be7 11.Ne5 Qc7 12.f4 Nb6 13.Rhe1 Nbd5 14.Nxd5 Nxd5 15.Bxe7 Nxe7
16.Qh5 g6 17.Qh3 O-O-O 18.Qa3 Kb8 19.g3 Nf5 20.Nf3 Rd7 21.Rd3 Rhd8 22.Red1 h5
23.Qb4 Rd5 24.c4 R5d6 25.Qc3 Qe7 26.Kb1 Qc7 27.Ne5 Qe7 28.a3 f6 29.Nf3 Qd7
30.Qe1 Qf7 31.R3d2 b5 32.c5 Rd5 33.h3 Kb7 34.g4 Ng7 35.Qe3 Qd7 36.Rg1 hxg4
37.hxg4 Rh8 38.Rdd1 Qf7 39.Rh1 Rdd8 40.Nd2 f5 41.g5 Qd7 42.Nf3 Nh5 43.Ne5 Qe8
44.Rh4 Rd5 45.Rdh1 Rh7 46.Kc2 Rd8 47.a4 a6 48.Ra1 b4 49.a5 Rhd7 50.Nxd7 Qxd7
51.Ra4 Qxd4 52.Qxd4 Rxd4 53.Kb3 Rd3+ 54.Kc4 Re3 55.Rxb4+ Kc7 56.Kd4 Re1 57.Kd3 Ra1
58.Rd4 Rxa5 59.Rd6 Ra4 60.Rd4 Ra1 61.Kd2 Rb1 62.b4 Rb2+ 63.Kd1 Rb1+ 64.Kc2 Rf1
65.Kd3 Rf3+ 66.Kd2 Rf2+ 67.Ke3 Rb2 68.Rd6 Rb3+ 69.Kd2 Rb2+ 70.Kd1 Rb1+ 71.Kc2 Re1
72.Rh2 a5 73.bxa5 Re4 74.Rhd2 Kb7 75.R2d4 Rxf4 76.Kc3 Rf3+ 77.Kc2 e5 78.Rb4+ Ka7
79.Rxc6 Nf4 80.a6  1-0

[Event "11th Metalis Open"]
[Site "Bizovac CRO"]
[Date "2004.02.26"]
[Round "1"]
[White "Zelcic,R"]
[Black "Ikica,A"]
[Result "1-0"]
[WhiteElo "2524"]
[BlackElo "2126"]

1.e4 d5 2.exd5 Qxd5 3.Nc3 Qd6 4.d4 a6 5.g3 Nf6 6.Bg2 g6 7.Nf3 Bg7 8.O-O O-O
9.Bg5 b5 10.Ne5 Ra7 11.Re1 Bb7 12.Bxb7 Rxb7 13.Qf3 c6 14.Rad1 a5 15.Bf4 Qd8
16.Nxc6 Nxc6 17.Qxc6 Rb6 18.Qc5 Rb7 19.Qc6 Rb6 20.Qc7 Qxc7 21.Bxc7 Rb7 22.Be5 Rc8
23.Re2 a4 24.a3 Ra8 25.Bxf6 Bxf6 26.Nd5 b4 27.Nxb4 e6 28.c3 Rxb4 29.axb4 a3
30.Ra1 a2 31.b3 Rc8 32.c4 Bxd4 33.Raxa2 e5 34.b5 f5 35.Rad2 Kf7 36.Rxd4 exd4
37.Re5 Rd8 38.Rd5 Rxd5 39.cxd5 d3  1-0